Políticas penales contemporáneas /

Guardado en:
Autor Principal: Bombini, Gabriel Adrián
Otros Autores: Rivera Beiras, Iñaki
Formato: Libro
Idioma:Spanish
Publicado: Mar del Plata : Suárez, 2009
Edición:1a. ed.
Series:Materiales de catedra. Departamento de derecho penal y procesal penal ; 7
Materias:
Etiquetas: Agregar Etiqueta
Sin Etiquetas, Sea el primero en etiquetar este registro!
LEADER 00628nam a22001815a 4500
001 DER.der009610
008 180615s2009####ag#||||||||||||||#||spa||
005 20250613171247.0
245 1 0 |a Políticas penales contemporáneas /  |c Gabriel Adrián Bombini, Iñaki Rivera Beiras. 
250 |a 1a. ed. 
260 |a Mar del Plata :  |b Suárez,  |c 2009 
300 |a 150 p. 
490 1 |a Materiales de catedra. Departamento de derecho penal y procesal penal ;  |v 7 
020 |a 9789871314904 
100 1 |a Bombini, Gabriel Adrián 
700 1 |a Rivera Beiras, Iñaki 
650 7 |a DERECHO PROCESAL PENAL 
859 |a DERECHO  |b BIB. DERECHO  |h 345.05  |i BOM  |p 006271